=LDR 00000nam 2200000 4500 =001 INLIS000000000028300 =005 20130612130620 =008 ***********************************Ind** =035 ##$$0010-061300000028300 =041 ##$$a Ind =082 ##$$a 345.001 =090 ##$$a 345.001, Ham s =100 ##$$a Hamzah, A =245 ##$$a Suatu tinjauan ringkas sistem pemidanaan di Indonesia, Dr. A. Hamzah S.H =260 ##$$a 1983 $b Jakarta =300 ##$$a 131 hlm, 21 cm =650 ##$$a Hukum Pidana =850 ##$$a NBPNMAT